| 000 | 00428 a2200133 4500 | ||
|---|---|---|---|
| 001 | 92215 | ||
| 082 | _aPR 2496 | ||
| 090 |
_c44175 _d44174 |
||
| 100 | _aAbrar Ahmed; Prof Ali Sarosh and Dr. Athar Kharal (Advisors) | ||
| 245 |
_aAn Adaptive Neuro-Fuzzy Inference system for Parameters Prediction of Tactical Missile Systems _h78 "A" EC |
||
| 260 |
_aIslamabad _bNUST _c2015 |
||
| 300 | _axiii,56p. | ||
| 500 | _aBE Project Report | ||
| 942 |
_aCAE NUST _kPR 2496 |
||
| 999 |
_c327288 _d327288 |
||